000 00291nam a22001337a 4500
008 170419b xxu||||| |||| 00| 0 eng d
020 _a9780895827999
041 _aeng
080 _a573
100 _a11
101 _aSHM
245 _aEXPLORING BIOLOGY
_cPENDARVIS, M.P
942 _2udc
_cBK
999 _c11107
_d11107